000 00382nam a2200133Ia 4500
008 231129s9999||||xx |||||||||||||| ||spa||
020 _a958-02-0902-2
040 _bspa
082 _a860.64 A592y
100 _aAngola Rossi Carmen
245 0 _aAnalisis de Yo el supremo: Augusto Roa Bastos (Paraguay)
264 _aVoluntad
942 _2ddc
_cBKS
999 _c5089
_d5089